000 00289nam a22001337a 4500
008 170608b xxu||||| |||| 00| 0 eng d
020 _a9780201332285
041 _aeng
080 _a94(7/8)
100 _a18
101 _ashh
245 _aWHY WE REMEMBER
_cVIOLA, H.J
942 _2udc
_cBK
999 _c16506
_d16506